|
|
|
|
| LEADER |
00000nam0a2200000 4500 |
| 001 |
335935 |
| 005 |
20231102004814.0 |
| 035 |
|
|
|a (RuTPU)RU\TPU\book\362347
|
| 090 |
|
|
|a 335935
|
| 100 |
|
|
|a 20171005d1965 k y0rusy50 ca
|
| 101 |
0 |
|
|a rus
|
| 102 |
|
|
|a RU
|
| 105 |
|
|
|a y dm 001zy
|
| 200 |
1 |
|
|a Влияние адсорбции органического вещества на кинетику его электрохимического восстановления
|e автореферат диссертации на соискание ученой степени кандидата химических наук
|f А. Б. Эршлер
|g Академия наук СССР (АН СССР), Институт электрохимии им. А. Н. Фрумкина (ИЭЛ) ; науч. рук. А. Н. Фрумкин, Г. А. Тедорадзе
|
| 210 |
|
|
|a Москва
|c [Б. и.]
|d 1965
|
| 215 |
|
|
|a 14 с.
|
| 300 |
|
|
|a Защита сост. : Январь 1965 г.
|
| 320 |
|
|
|a Библиогр.: с. 14 (8 назв.)
|
| 606 |
1 |
|
|a Адсорбция
|x (электрохимия)
|2 stltpush
|3 (RuTPU)RU\TPU\subj\76764
|9 87615
|
| 610 |
1 |
|
|a электрохимическое восстановление
|
| 610 |
1 |
|
|a органические вещества
|
| 610 |
1 |
|
|a кинетика
|
| 610 |
1 |
|
|a электродные процессы
|
| 610 |
1 |
|
|a ртутные электроды
|
| 610 |
1 |
|
|a библиотека А. Г. Стромберга
|
| 610 |
1 |
|
|a авторефераты диссертаций
|
| 675 |
|
|
|a 544.63(04)
|v 4
|
| 700 |
|
1 |
|a Эршлер
|b А. Б.
|
| 702 |
|
1 |
|a Фрумкин
|b А. Н.
|4 727
|
| 702 |
|
1 |
|a Тедорадзе
|b Г. А.
|4 727
|
| 712 |
0 |
2 |
|a Академия наук СССР (АН СССР)
|b Институт электрохимии им. А. Н. Фрумкина (ИЭЛ)
|c (Москва)
|c (1957-1991)
|2 stltpush
|3 (RuTPU)RU\TPU\col\327
|
| 801 |
|
1 |
|a RU
|b 63413507
|c 20171005
|
| 801 |
|
2 |
|a RU
|b 63413507
|c 20180125
|g RCR
|
| 942 |
|
|
|c BK
|